000
00290nam a2200121Ia 4500
008
191201s2003 xx 000 0 und d
100
_a
HALPERN, Alvin
245
0
_a
3000 Solved Problems in Physics
260
_a
New Delhi
_b
PHI
_c
2003
300
_a
751
650
_a
Applied
942
_2
ddc
_c
BK
999
_c
1913
_d
1913